[Event "28th Czech Open A 2017"]
[Site "Pardubice CZE"]
[Date "2017.07.25"]
[Round "5.54"]
[White "Chovan, Milan"]
[Black "Vykouk, Jan"]
[Result "1/2-1/2"]
[WhiteTitle "FM"]
[BlackTitle "FM"]
[WhiteElo "2269"]
[BlackElo "2430"]
[WhiteFideId "14933691"]
[BlackFideId "349658"]
[EventDate "2017.07.21"]

1. d4 Nf6 2. c4 e6 3. Nc3 Bb4 4. Qc2 O-O 5. a3 Bxc3+ 6. Qxc3 b6 7. Bg5 Bb7 8. f3
d5 9. e3 Nbd7 10. cxd5 exd5 11. Bd3 Re8 12. Ne2 c5 13. O-O Qe7 14. Ng3 h6 15.
Nf5 Qe6 16. Bh4 Rac8 17. Rae1 cxd4 18. Qxd4 Ne5 19. Bg3 Nxd3 20. Qxd3 Nh5 21.
Nd4 Qd7 22. Rc1 Nxg3 23. hxg3 Qa4 24. Qd2 Ba6 25. Rxc8 Rxc8 26. Rc1 Rc5 27. Kf2
Qd7 28. Nb3 Rxc1 29. Qxc1 Qb5 30. Qd1 g6 31. Kg1 Kh7 32. Kh2 Kg8 33. Qc2 Qf1 34.
Qd2 Bc4 35. Nd4 Qb1 36. Nc6 a5 37. Ne5 b5 38. Qd4 Qf5 39. Ng4 Qc2 40. Nf6+ Kf8
41. Qe5 Qf5 42. Qd6+ Kg7 43. Ne8+ Kg8 44. Nf6+ Kg7 45. Ne8+ Kg8 46. Nf6+ 1/2-1/2

[Event "28th Czech Open A 2017"]
[Site "Pardubice CZE"]
[Date "2017.07.25"]
[Round "5.55"]
[White "Manik, Mikulas"]
[Black "Villegas, Pierre"]
[Result "0-1"]
[WhiteTitle "GM"]
[BlackTitle "FM"]
[WhiteElo "2407"]
[BlackElo "2295"]
[WhiteFideId "14900734"]
[BlackFideId "654183"]
[EventDate "2017.07.21"]

1. e4 c6 2. d4 d5 3. e5 Bf5 4. c4 e6 5. Nc3 Ne7 6. Nge2 Nd7 7. Nf4 h6 8. cxd5
cxd5 9. Bd3 Bxd3 10. Qxd3 h5 11. O-O Nb8 12. Qh3 g6 13. g4 Bh6 14. Nb5 hxg4 15.
Qxg4 Nf5 16. Ne2 Bxc1 17. Raxc1 Nc6 18. Rc5 a6 19. Nd6+ Nxd6 20. exd6 Qxd6 21.
Qg3 Kd7 22. Rfc1 Qxg3+ 23. hxg3 Rac8 24. a3 Ne7 25. g4 Rxc5 26. Rxc5 g5 27. Kg2
Rc8 28. Rxc8 Nxc8 29. a4 Nd6 30. b3 b5 31. Nc1 bxa4 32. bxa4 f6 33. Nd3 Nb7 34.
f4 gxf4 35. Nxf4 Kd6 36. Nh5 Ke7 37. Nf4 Nd8 38. Kf3 Nc6 39. Ke3 a5 40. Kd3 Nb4+
41. Kc3 e5 42. Nh5 Nc6 43. dxe5 fxe5 44. g5 Ke6 45. g6 Ne7 46. g7 Kf7 0-1

[Event "28th Czech Open A 2017"]
[Site "Pardubice CZE"]
[Date "2017.07.25"]
[Round "5.56"]
[White "Tomazini, Zan"]
[Black "Rakesh, Kumar Jena"]
[Result "1/2-1/2"]
[WhiteTitle "IM"]
[BlackTitle "FM"]
[WhiteElo "2405"]
[BlackElo "2283"]
[WhiteFideId "14608162"]
[BlackFideId "5084822"]
[EventDate "2017.07.21"]

1. e4 c5 2. c3 d5 3. exd5 Qxd5 4. d4 cxd4 5. cxd4 e5 6. Nf3 exd4 7. Qxd4 Qxd4 8.
Nxd4 Bb4+ 9. Nc3 Nf6 10. Nb5 Na6 11. Bc4 O-O 12. O-O Bf5 13. a3 Bxc3 14. Nxc3
Nc5 15. Bg5 Nfe4 16. Nxe4 Nxe4 17. Be3 Rac8 18. Bd5 b6 19. Rac1 Nc5 20. Rfd1 h6
21. b4 Nd3 22. Rxc8 Rxc8 23. g4 Bg6 24. f4 Re8 25. Bc1 Be4 26. Bc4 Rc8 27. Bxd3
Bxd3 28. Rxd3 Rxc1+ 29. Kf2 Rc2+ 30. Kg3 a5 31. bxa5 bxa5 32. h3 Kf8 33. Re3 g6
34. Kh4 Rc4 35. Kg3 Kg7 36. Kf3 1/2-1/2

[Event "28th Czech Open A 2017"]
[Site "Pardubice CZE"]
[Date "2017.07.25"]
[Round "5.57"]
[White "Bukal, Vladimir Jr."]
[Black "Babikov, Ivan"]
[Result "1-0"]
[WhiteTitle "IM"]
[BlackTitle "FM"]
[WhiteElo "2398"]
[BlackElo "2267"]
[WhiteFideId "14502941"]
[BlackFideId "4161106"]
[EventDate "2017.07.21"]

1. d4 Nf6 2. Nf3 e6 3. Bg5 d5 4. e3 Nbd7 5. Nbd2 h6 6. Bh4 Be7 7. Bd3 b6 8. c3
Bb7 9. Qb1 O-O 10. O-O c5 11. a4 Qc7 12. b4 cxb4 13. cxb4 Rac8 14. a5 a6 15. Bg3
Bd6 16. Nb3 Bxg3 17. hxg3 Qd6 18. axb6 Qxb6 19. Nc5 Ra8 20. Ra5 Rfb8 21. Qa2
Nxc5 22. bxc5 Qc7 23. Ne5 Nd7 24. Nxd7 Qxd7 25. Ra1 Ra7 26. Qe2 Qc8 27. Qh5 Qc6
28. g4 Qe8 29. g5 f5 30. Qxe8+ Rxe8 31. gxh6 gxh6 32. Rb1 Kf7 33. Rb6 Rea8 34.
g3 Ke7 35. Kf1 Bc8 36. Ke2 Bb7 37. Kf3 Kf6 38. Kf4 Rf8 39. Bc2 Bc8 40. Ba4 Rc7
41. Bb3 Ke7 42. Ra1 Ra7 43. Ba4 Rg8 44. f3 Rg6 45. Rab1 Rg8 46. Rb8 Rc7 47. R1b6
Rg6 48. Bc2 Bd7 49. Ra8 a5 50. Bb3 a4 51. Bxa4 Bxa4 52. Rxa4 Kf6 53. Raa6 Re7
54. Ra8 Rc7 55. Rf8+ Ke7 56. Rxf5 Rxg3 57. Kxg3 exf5 58. Rxh6 Rc8 59. Rd6 1-0

[Event "28th Czech Open A 2017"]
[Site "Pardubice CZE"]
[Date "2017.07.25"]
[Round "5.58"]
[White "Karayev, Kanan"]
[Black "Grekh, Andrey"]
[Result "0-1"]
[WhiteTitle "FM"]
[BlackTitle "IM"]
[WhiteElo "2247"]
[BlackElo "2395"]
[WhiteFideId "13406671"]
[BlackFideId "14112418"]
[EventDate "2017.07.21"]

1. e4 c5 2. c3 e6 3. Nf3 Nc6 4. d4 cxd4 5. cxd4 d5 6. exd5 exd5 7. Nc3 Bg4 8.
Bb5 Be7 9. O-O Nf6 10. Qa4 Bxf3 11. Bxc6+ bxc6 12. Qxc6+ Kf8 13. gxf3 h5 14. Bg5
h4 15. Bxf6 Bxf6 16. Qxd5 Qxd5 17. Nxd5 Bxd4 18. Rfd1 Bxb2 19. Rab1 Rb8 20. Rd2
Be5 21. Rxb8+ Bxb8 22. Rc2 g5 23. f4 Kg7 24. Kg2 Rh5 25. Kf3 gxf4 26. Nxf4 Ra5
27. Rc4 Rxa2 28. h3 a5 29. Ne2 Be5 30. Rxh4 a4 31. Rc4 a3 32. Nc1 Ra1 33. Nd3
Bd6 34. Rc6 a2 35. Rxd6 Rd1 36. Ra6 a1=Q 37. Rxa1 Rxa1 38. Nf4 Kf6 39. Nh5+ Kg5
40. Ng3 Ra3+ 41. Kg2 f5 42. Ne2 Rb3 43. Ng1 Kf4 44. Ne2+ Ke4 45. Ng3+ Ke5 46.
Nf1 Rd3 47. Nh2 Ke4 48. Nf1 f4 49. Nh2 f3+ 50. Kg3 Rd1 51. h4 Rg1+ 52. Kh3 Kf4
53. h5 Rg5 54. Kh4 Rg2 55. Kh3 Rxf2 56. h6 Ra2 57. h7 Ra8 58. Ng4 Rh8 59. Nf6
Kf5 60. Nd5 Ke5 61. Ne3 Ke4 0-1

[Event "28th Czech Open A 2017"]
[Site "Pardubice CZE"]
[Date "2017.07.25"]
[Round "5.59"]
[White "Rydl, Jiri"]
[Black "Radkov, Bazhen D."]
[Result "1-0"]
[WhiteTitle "FM"]
[WhiteElo "2395"]
[BlackElo "2179"]
[WhiteFideId "346390"]
[BlackFideId "24170593"]
[EventDate "2017.07.21"]

1. e4 e5 2. Nf3 Nc6 3. Bb5 a6 4. Bxc6 dxc6 5. O-O Bg4 6. h3 Bh5 7. d3 f6 8. Be3
Bd6 9. Nbd2 Ne7 10. c3 c5 11. Qb3 b6 12. Nh2 Qd7 13. a4 Nc6 14. Qc2 Be7 15. Ndf3
O-O 16. Rfd1 Kh8 17. Rab1 Rad8 18. Rd2 Nd4 19. cxd4 cxd4 20. Bg5 fxg5 21. Nxe5
Qe6 22. Nc6 Rd7 23. Nxe7 Rxe7 24. a5 c5 25. Nf1 Rc7 26. b4 Rfc8 27. axb6 Qxb6
28. bxc5 Qxc5 29. Qxc5 Rxc5 30. Ra2 Rc3 31. Rd2 h6 32. Rb4 Rd8 33. Ra4 Be8 34.
Rxa6 Bb5 35. Ra5 Bxd3 36. Rd5 Re8 37. Rxd4 Bb1 38. f3 Kh7 39. Kf2 Ra8 40. Rb4
Ba2 41. Rb7 Be6 42. Ne3 Raa3 43. Nf5 Bxf5 44. exf5 Rab3 45. Rf7 Rd3 46. Re2 Rb8
47. Ree7 Rg8 48. f6 Kg6 49. Rxg7+ Rxg7 50. fxg7 Kh7 51. g3 Rd2+ 52. Kf1 Rh2 53.
f4 gxf4 54. gxf4 Rxh3 55. Kg2 Rh5 56. Kf3 Rh1 57. f5 Rf1+ 58. Kg4 Kg8 59. Kh5
Kh7 60. g8=Q+ Kxg8 61. Kg6 Rg1+ 62. Kf6 h5 63. Re8+ Kh7 64. Kf7 Rf1 65. f6 Kh6
66. Re2 h4 67. Ke7 Kg5 68. Rg2+ Kh5 69. f7 Re1+ 70. Kf6 Rf1+ 71. Kg7 h3 72. Rg6
Kh4 73. Rf6 Rg1+ 74. Kh7 h2 75. f8=Q h1=Q 76. Rh6+ Kg3 77. Rxh1 Rxh1+ 78. Kg6
Rh4 79. Qd6+ Kg2 80. Kg5 Rh1 81. Kg4 Rf1 82. Qd2+ Rf2 83. Qd5+ Kh2 84. Qe4 Rg2+
85. Kf3 Rg3+ 86. Kf2 1-0

[Event "28th Czech Open A 2017"]
[Site "Pardubice CZE"]
[Date "2017.07.25"]
[Round "5.60"]
[White "Haring, Viktor"]
[Black "Koop, Thorben"]
[Result "1-0"]
[WhiteTitle "FM"]
[BlackTitle "IM"]
[WhiteElo "2241"]
[BlackElo "2389"]
[WhiteFideId "14919400"]
[BlackFideId "24661619"]
[EventDate "2017.07.21"]

1. e4 d6 2. d4 Nd7 3. Nf3 c6 4. Nc3 Ngf6 5. e5 Nd5 6. Ne4 g6 7. exd6 exd6 8. Qe2
Be7 9. Nxd6+ Kf8 10. Nxc8 Rxc8 11. Bh6+ Kg8 12. g3 Qa5+ 13. Bd2 Qb6 14. Bh3 Rd8
15. O-O Bf8 16. Bg5 N7f6 17. c4 h6 18. Bd2 Re8 19. Qd1 Nc7 20. Re1 Rxe1+ 21.
Qxe1 Qxb2 22. Rb1 Qxa2 23. Rxb7 Nce8 24. Ne5 Nd6 25. Rc7 c5 26. dxc5 Nxc4 27.
Nxf7 Nxd2 28. Be6 Nf3+ 29. Kh1 Bg7 30. Ng5+ Kf8 31. Bxa2 Nxe1 32. Ne6+ 1-0

[Event "28th Czech Open A 2017"]
[Site "Pardubice CZE"]
[Date "2017.07.25"]
[Round "5.61"]
[White "Konguvel, Ponnuswamy"]
[Black "Kosmo, Santul"]
[Result "0-1"]
[WhiteTitle "IM"]
[WhiteElo "2388"]
[BlackElo "2168"]
[WhiteFideId "5000548"]
[BlackFideId "504173"]
[EventDate "2017.07.21"]

1. e4 c5 2. Nf3 d6 3. d4 cxd4 4. Nxd4 Nf6 5. Nc3 g6 6. Be3 Bg7 7. f3 Nc6 8. Qd2
O-O 9. O-O-O d5 10. Qe1 e5 11. Nxc6 bxc6 12. exd5 Nxd5 13. Bc4 Be6 14. Kb1 Rb8
15. Ne4 Kh8 16. Bxa7 Rb7 17. Bc5 f5 18. Bb3 fxe4 19. Bxf8 Qxf8 20. fxe4 Nf4 21.
Qc3 c5 22. Bxe6 Nxe6 23. Rd5 h6 24. Rhd1 Kh7 25. b3 Qc8 26. Qh3 Qe8 27. Rd6 Nd4
28. Ra6 c4 29. Qc3 Qb5 30. Ra5 Qc6 31. Kb2 Bf8 32. a3 Nxb3 33. Rad5 Nd4+ 34. Ka2
Ra7 35. Ra5 Rb7 36. Rxe5 Nb5 37. Qa5 Bg7 38. Rxb5 Rxb5 0-1

[Event "28th Czech Open A 2017"]
[Site "Pardubice CZE"]
[Date "2017.07.25"]
[Round "5.62"]
[White "Gurpreet, Singh Maras"]
[Black "Tomazini, Aljosa"]
[Result "0-1"]
[BlackTitle "FM"]
[WhiteElo "2231"]
[BlackElo "2387"]
[WhiteFideId "5014433"]
[BlackFideId "14608154"]
[EventDate "2017.07.21"]

1. e4 e5 2. Nc3 d6 3. d4 Nf6 4. Nf3 Nbd7 5. Be2 Be7 6. O-O c6 7. a4 h6 8. h3 g5
9. Nh2 Qc7 10. a5 Nf8 11. a6 b6 12. d5 c5 13. Bb5+ Bd7 14. Bxd7+ Qxd7 15. Qe2
Ng6 16. Qb5 Qxb5 17. Nxb5 Nxe4 18. Nc7+ Kd7 19. Nxa8 Rxa8 20. Re1 f5 21. Ng4 Rh8
22. Ne3 f4 23. Ng4 Nf6 24. Nxf6+ Bxf6 25. c4 Nh4 26. Bd2 Rg8 27. f3 Nf5 28. Bc3
h5 29. Kf2 g4 30. Rg1 Ng3 31. Ke1 Bh4 32. Kd2 e4 33. fxe4 Nxe4+ 34. Kc2 Bf2 35.
Rh1 g3 36. Kd3 Re8 37. Rhf1 h4 38. Bd2 Nxd2 39. Kxd2 Re4 40. b3 Re3 41. Kc2 f3
42. gxf3 Rxf3 43. Kd2 Rxb3 44. Ke2 Re3+ 45. Kd2 Re7 46. Rab1 Ke8 47. Kd3 Kf8 48.
Kd2 Kg7 49. Kd3 Kh6 50. Rb2 Re3+ 51. Kd2 Kg5 52. Kd1 Rf3 53. Ke2 Kf4 54. Rxb6
axb6 55. Ra1 Re3+ 56. Kd2 Re8 0-1

[Event "28th Czech Open A 2017"]
[Site "Pardubice CZE"]
[Date "2017.07.25"]
[Round "5.63"]
[White "Bartos, Jan"]
[Black "Kulon, Klaudia"]
[Result "1/2-1/2"]
[WhiteTitle "FM"]
[BlackTitle "WGM"]
[WhiteElo "2189"]
[BlackElo "2380"]
[WhiteFideId "315060"]
[BlackFideId "1131044"]
[EventDate "2017.07.21"]

1. Nf3 Nf6 2. c4 g6 3. Nc3 Bg7 4. e4 d6 5. d4 O-O 6. Be2 e5 7. dxe5 dxe5 8. Qxd8
Rxd8 9. Bg5 c6 10. Nxe5 Re8 11. O-O-O Na6 12. Rd6 Be6 13. f4 Nc5 14. Bf3 a5 15.
Nd3 Nfd7 16. Nxc5 Nxc5 17. e5 h6 18. Bh4 Bxc4 19. b3 Ba6 20. Rhd1 Ne6 21. Bg3 h5
22. Ne4 Rec8 23. Nf6+ Kh8 24. f5 Ng5 25. fxg6 fxg6 26. Nd7 Re8 27. Rxg6 Nxf3 28.
gxf3 Be2 29. Rg1 Bxf3 30. Bh4 Bg4 31. h3 Kh7 32. Rxg7+ Kxg7 33. hxg4 hxg4 34.
Rxg4+ Kf7 35. Bf6 Rg8 36. Rxg8 Rxg8 37. Nb6 Rg2 38. a4 Ke6 39. Nc4 b5 40. axb5
cxb5 41. Nxa5 Kd5 42. Nb7 b4 43. Nd6 Rg1+ 44. Kd2 Rg2+ 45. Kd3 Rg3+ 46. Kc2 Rg2+ 1/2-1/2

[Event "28th Czech Open A 2017"]
[Site "Pardubice CZE"]
[Date "2017.07.25"]
[Round "5.64"]
[White "Shemyakin, Valeriy"]
[Black "Plischki, Sebastian"]
[Result "0-1"]
[BlackTitle "IM"]
[WhiteElo "2173"]
[BlackElo "2376"]
[WhiteFideId "14132818"]
[BlackFideId "4637143"]
[EventDate "2017.07.21"]

1. d4 Nf6 2. Bg5 Ne4 3. h4 c5 4. d5 Qb6 5. Nd2 Nxg5 6. hxg5 Qxb2 7. e4 g6 8. Rb1
Qg7 9. Rb3 d6 10. Bb5+ Kd8 11. a4 h6 12. Qf3 a6 13. Bd3 Nd7 14. Nc4 b5 15. axb5
axb5 16. Rxb5 Ra1+ 17. Kd2 Ne5 18. Nxe5 Qxe5 19. Qe3 Bg7 20. Rb3 Qxg5 21. Qxg5
hxg5 22. Rxh8+ Bxh8 23. Nf3 Bf6 24. Ke2 g4 25. Nd2 Bd4 26. Rb1 Rxb1 27. Nxb1 e6
28. Na3 Ke7 29. Nb5 Be5 30. Na7 Bd7 31. Nc6+ Kf6 32. Bb5 Bb2 33. c4 exd5 34.
exd5 Bf5 35. Ba6 Be4 36. g3 Kg7 37. Bc8 f5 38. Bd7 Kf6 39. Bc8 Bf3+ 40. Ke3 f4+
41. Kd3 Be5 42. Nxe5 Kxe5 43. Bd7 Be4+ 44. Kc3 fxg3 45. fxg3 Bf5 0-1

[Event "28th Czech Open A 2017"]
[Site "Pardubice CZE"]
[Date "2017.07.25"]
[Round "5.65"]
[White "Van Zyl-Rudd, Jack"]
[Black "Popov, Mikhail"]
[Result "0-1"]
[WhiteTitle "FM"]
[BlackTitle "FM"]
[WhiteElo "2125"]
[BlackElo "2374"]
[WhiteFideId "14309017"]
[BlackFideId "4146182"]
[EventDate "2017.07.21"]

1. d4 Nf6 2. c4 g6 3. Nc3 Bg7 4. Nf3 O-O 5. Bg5 d6 6. e3 h6 7. Bh4 c6 8. Be2 Qe8
9. O-O g5 10. Bg3 Nh5 11. Nd2 Nxg3 12. hxg3 Nd7 13. b4 e5 14. dxe5 Qxe5 15. Rc1
f5 16. Nf3 Qe7 17. Qd2 Nf6 18. Rfd1 Ne4 19. Nxe4 fxe4 20. Nd4 Qf7 21. Rf1 h5 22.
f3 Be5 23. fxe4 Qg6 24. Rxf8+ Kxf8 25. Rf1+ Kg7 26. Nf3 Bxg3 27. Qd4+ Kg8 28. c5
Be6 29. Bc4 g4 30. Ng5 Bxc4 31. Qxc4+ d5 32. exd5 Qxg5 33. dxc6+ Kh8 34. Qd4+
Be5 35. cxb7 Re8 36. Qd7 Qxe3+ 37. Kh1 Bb8 38. Qf5 Qh6 39. Qf7 Rg8 40. b5 g3 41.
Qc4 Qg7 42. Qd5 Qg4 43. Rf5 Qh4+ 44. Kg1 Qh2+ 45. Kf1 Qh1+ 46. Ke2 Re8+ 47. Kd3
Qb1+ 48. Kd4 Qb4+ 49. Kd3 Qxb5+ 50. Kc3 0-1

[Event "28th Czech Open A 2017"]
[Site "Pardubice CZE"]
[Date "2017.07.25"]
[Round "5.66"]
[White "Blodig, Constantin"]
[Black "Khaetsky, Roman"]
[Result "0-1"]
[BlackTitle "IM"]
[WhiteElo "2099"]
[BlackElo "2373"]
[WhiteFideId "24696790"]
[BlackFideId "14106221"]
[EventDate "2017.07.21"]

1. e4 Nf6 2. Nc3 d5 3. e5 Nfd7 4. f4 c5 5. Nf3 Nc6 6. g3 e6 7. Bg2 Be7 8. O-O
O-O 9. d3 Rb8 10. Qe1 b5 11. g4 b4 12. Ne2 a5 13. Qg3 Qc7 14. Kh1 f6 15. exf6
Nxf6 16. Bd2 d4 17. Ng5 Bd6 18. Qh4 Ne7 19. Be4 h6 20. Ng3 Bd7 21. Nh5 Nxe4 22.
Nxe4 Bc6 23. f5 Nxf5 24. gxf5 exf5 25. Rg1 fxe4 26. dxe4 Rbe8 27. Rae1 Re7 28.
Bxh6 Be5 29. Qg4 Rff7 30. Re2 Qd7 31. Qh4 Qe6 32. Bg5 Rd7 33. Ng3 Qg6 34. Bd2
Rde7 35. Bg5 Bxg3 36. Rxg3 Rxe4 37. Rxe4 Bxe4+ 38. Kg1 Qf5 39. Bf4 Qxf4 40. Qd8+
Rf8 0-1

[Event "28th Czech Open A 2017"]
[Site "Pardubice CZE"]
[Date "2017.07.25"]
[Round "5.67"]
[White "Jayaram, R."]
[Black "Yagupov, Igor"]
[Result "0-1"]
[BlackTitle "GM"]
[WhiteElo "1955"]
[BlackElo "2372"]
[WhiteFideId "5019915"]
[BlackFideId "4113632"]
[EventDate "2017.07.21"]

1. d4 d5 2. c4 c6 3. Nf3 Nf6 4. Nc3 e6 5. Bg5 Nbd7 6. e3 Qa5 7. Nd2 dxc4 8. Bxf6
Nxf6 9. Bxc4 Be7 10. O-O O-O 11. Qc2 Rd8 12. a3 Bd7 13. Bd3 Be8 14. Rac1 Rac8
15. Nc4 Qc7 16. Ne4 Nd5 17. b4 g6 18. Qb3 Qb8 19. Rfe1 b6 20. Rc2 Qa8 21. Nc3 c5
22. bxc5 bxc5 23. dxc5 Rxc5 24. Bf1 Rb8 25. Qa2 Nxc3 26. Rxc3 Bf6 27. Rb3 Ba4
28. Rxb8+ Qxb8 29. Qb1 Qc7 30. Qb4 Bc2 31. Rc1 a5 32. Qd2 Bb3 33. Qe2 h5 34. h3
a4 35. g3 h4 36. g4 Kg7 37. Kg2 Rc6 38. Kg1 Be7 39. Qb2+ f6 40. Qe2 Bxa3 0-1

[Event "28th Czech Open A 2017"]
[Site "Pardubice CZE"]
[Date "2017.07.25"]
[Round "5.68"]
[White "Swicarz, Maciej"]
[Black "Kukelko, Alexey"]
[Result "1-0"]
[WhiteElo "2372"]
[BlackElo "2173"]
[WhiteFideId "1113585"]
[BlackFideId "14153084"]
[EventDate "2017.07.21"]

1. f4 d5 2. Nf3 Nf6 3. g3 g6 4. Bg2 Bg7 5. O-O O-O 6. d3 c5 7. Qe1 Nc6 8. c3 Re8
9. Qf2 b6 10. Ne5 Bb7 11. Nd2 Qc7 12. Ndf3 Nxe5 13. Nxe5 Nd7 14. Nxd7 Qxd7 15.
e4 e6 16. e5 f6 17. exf6 Bxf6 18. Be3 Ba6 19. Rfd1 Rac8 20. d4 Qc7 21. Rd2 Bb5
22. Re1 a5 23. Bh3 Qd6 24. Qf3 Re7 25. Bf2 Bc4 26. a3 Bb5 27. Qg2 Rce8 28. Bg4
Kg7 29. h4 h6 30. Be3 cxd4 31. Bxd4 e5 32. Bxe5 Bxe5 33. Rxd5 Qc7 34. Rdxe5 Rxe5
35. fxe5 Rxe5 36. Rxe5 Qxe5 37. Qf2 Kg8 38. Kh2 Qe4 39. Bf3 Qf5 40. Kg1 g5 41.
hxg5 hxg5 42. Bb7 Qe5 43. Kg2 Qe6 44. Qd2 Bc6+ 45. Bxc6 Qxc6+ 46. Kh2 Qb5 47. b4
axb4 48. axb4 g4 49. Qd8+ Kf7 50. Qc7+ Kg6 51. Qd6+ Kh5 52. Qe7 Qc4 53. Qe5+ Kg6
54. Qe8+ Kg5 55. Qe3+ Kh5 56. Kg1 Qd5 57. Kf2 Qf5+ 58. Kg1 Qb1+ 59. Kg2 Qc2+ 60.
Qf2 Qxc3 61. Qf5+ Kh6 62. Qxg4 Qd2+ 63. Kh3 Qe1 64. Qf4+ Kg6 65. Qd6+ Kg7 66.
Qd4+ Kh7 67. g4 Qh1+ 68. Kg3 Qe1+ 69. Kf3 Qh1+ 70. Ke3 Qg1+ 71. Kd3 Qf1+ 72. Ke4
Qb5 73. Kf4 Qf1+ 74. Ke5 Qb5+ 75. Kd6 Qa6 76. Kc7 b5 77. Qd7+ 1-0

[Event "28th Czech Open A 2017"]
[Site "Pardubice CZE"]
[Date "2017.07.25"]
[Round "5.69"]
[White "Pulpan, Jakub"]
[Black "Bertram, Karsten"]
[Result "1-0"]
[WhiteTitle "FM"]
[WhiteElo "2368"]
[BlackElo "2021"]
[WhiteFideId "302759"]
[BlackFideId "4673042"]
[EventDate "2017.07.21"]

1. e4 d5 2. exd5 Qxd5 3. Nc3 Qa5 4. d4 Nf6 5. Nf3 Nc6 6. Bb5 Bg4 7. h3 Bd7 8. d5
Nb4 9. Bc4 Rd8 10. O-O Bc6 11. Bd2 Qc5 12. dxc6 Qxc4 13. cxb7 e6 14. Bg5 Bd6 15.
Qd4 Qxd4 16. Nxd4 Rb8 17. a3 Nbd5 18. Nxd5 Nxd5 19. c4 Nb6 20. Rac1 Nd7 21. b4
Be5 22. Nc6 Rxb7 23. Rfd1 f6 24. Be3 Rf8 25. f4 Bb2 26. Rb1 Bxa3 27. Rb3 Bxb4
28. Rxb4 Rxb4 29. Nxb4 a5 30. Nc6 a4 31. c5 e5 32. f5 g6 33. fxg6 hxg6 34. Ra1
f5 35. Rxa4 Rf6 36. Ra8+ Kf7 37. Nd8+ 1-0

[Event "28th Czech Open A 2017"]
[Site "Pardubice CZE"]
[Date "2017.07.25"]
[Round "5.70"]
[White "Lushnikov, Evgeny"]
[Black "Michalik, Peter"]
[Result "0-1"]
[BlackTitle "GM"]
[WhiteElo "2050"]
[BlackElo "2557"]
[WhiteFideId "24146269"]
[BlackFideId "14907526"]
[EventDate "2017.07.21"]

1. Nf3 d5 2. d4 Nf6 3. c4 e6 4. Bg5 h6 5. Bh4 Bb4+ 6. Nbd2 dxc4 7. Qa4+ Nc6 8.
e3 Bd7 9. Qc2 b5 10. a3 Be7 11. b3 cxb3 12. Nxb3 O-O 13. Bd3 Nd5 14. Bg3 b4 15.
e4 Nc3 16. axb4 Bxb4 17. O-O a5 18. Nc5 Bc8 19. d5 exd5 20. exd5 Qxd5 21. Ne4
Bf5 22. Nf6+ gxf6 23. Bxf5 Rfe8 24. Rad1 Qc5 25. Rd2 Rad8 26. Rxd8 Nxd8 27. Re1
Rxe1+ 28. Nxe1 Nc6 29. Nd3 Qxf5 30. Nxb4 Qxc2 31. Nxc2 Ne2+ 0-1

[Event "28th Czech Open A 2017"]
[Site "Pardubice CZE"]
[Date "2017.07.25"]
[Round "5.71"]
[White "Kuegel, Tobias"]
[Black "Kovalev, Andrei"]
[Result "0-1"]
[BlackTitle "GM"]
[WhiteElo "2268"]
[BlackElo "2517"]
[WhiteFideId "4636295"]
[BlackFideId "13500023"]
[EventDate "2017.07.21"]

1. e4 c5 2. c4 e6 3. Nf3 Nc6 4. Nc3 Nd4 5. d3 Ne7 6. Nxd4 cxd4 7. Ne2 Nc6 8. Nf4
Bb4+ 9. Bd2 a5 10. Be2 Qg5 11. a3 Bxd2+ 12. Qxd2 a4 13. h4 Qa5 14. Rh3 d6 15.
Rg3 g6 16. Rg5 Ne5 17. Nh3 h6 18. Rg3 Ke7 19. f4 Nd7 20. h5 gxh5 21. Qb4 Nc5 22.
Kf2 Bd7 23. Rh1 b5 24. cxb5 Qxb4 25. axb4 Nb3 26. b6 Rab8 27. Bxh5 Rhc8 28. Rg7
Be8 29. Bxf7 Bxf7 30. Ng5 hxg5 31. Rhh7 Rf8 32. fxg5 Nc1 33. g6 Nxd3+ 34. Kg1
Ne5 35. g4 Rxb6 0-1

[Event "28th Czech Open A 2017"]
[Site "Pardubice CZE"]
[Date "2017.07.25"]
[Round "5.72"]
[White "Drnovsek, Gal"]
[Black "Barrish, Daniel"]
[Result "1-0"]
[WhiteTitle "IM"]
[BlackTitle "FM"]
[WhiteElo "2440"]
[BlackElo "2249"]
[WhiteFideId "14607077"]
[BlackFideId "14304600"]
[EventDate "2017.07.21"]

1. d4 Nf6 2. c4 g6 3. Nc3 d5 4. cxd5 Nxd5 5. e4 Nxc3 6. bxc3 Bg7 7. Be3 c5 8.
Qd2 O-O 9. Nf3 Qa5 10. Rc1 Rd8 11. d5 e6 12. c4 Qa3 13. Be2 Na6 14. O-O b6 15.
Bh6 Bh8 16. Qf4 Qxa2 17. Ne5 f6 18. Nc6 Qxe2 19. Nxd8 e5 20. Qg3 Bd7 21. Nc6
Bxc6 22. dxc6 Qxe4 23. f4 f5 24. Rfe1 Qd4+ 25. Kh1 e4 26. Red1 Qf6 27. Qa3 Nb4
28. c7 Nd3 29. Qxa7 Qc6 30. Qb8+ Kf7 31. Rc2 Bd4 32. h3 Qe8 33. Qb7 Rc8 34. Ra2
Nf2+ 35. Rxf2 Bxf2 36. Rd8 e3 37. Qd5+ Kf6 38. Rd6+ Ke7 39. Qe6# 1-0

[Event "28th Czech Open A 2017"]
[Site "Pardubice CZE"]
[Date "2017.07.25"]
[Round "5.73"]
[White "Glek, Igor"]
[Black "Tifferet, Shaked"]
[Result "1-0"]
[WhiteTitle "GM"]
[BlackTitle "FM"]
[WhiteElo "2430"]
[BlackElo "2236"]
[WhiteFideId "4100484"]
[BlackFideId "2811529"]
[EventDate "2017.07.21"]

1. e4 c5 2. Nf3 d6 3. d4 cxd4 4. Nxd4 Nf6 5. Nc3 a6 6. a4 e5 7. Nf3 h6 8. Bc4
Be6 9. Bb3 Be7 10. O-O O-O 11. Re1 Nc6 12. Nd5 Rc8 13. c3 Na5 14. Ba2 Nc4 15.
Bxc4 Rxc4 16. b3 Rc8 17. Nxe7+ Qxe7 18. c4 Bg4 19. Ba3 Bxf3 20. Qxf3 Nd7 21.
Rad1 Nc5 22. Rd5 Rfd8 23. Red1 b6 24. g3 a5 25. Qe3 Qe6 26. Bxc5 Rxc5 27. Kg2
Qe7 28. R5d3 Rc6 29. h4 Qe6 30. Qe2 Kf8 31. R1d2 Rc5 32. Qd1 Ke7 33. Qf3 Rd7 34.
Rd5 Rdc7 35. Qe3 Rd7 36. Qc3 f6 37. Rxc5 dxc5 38. Rd5 Rxd5 39. cxd5 Qd7 40. Qd3
Qb7 41. Qb5 g5 42. hxg5 hxg5 43. f3 f5 44. Kf2 g4 45. Qc6 Qxc6 46. dxc6 fxe4 47.
fxg4 b5 48. g5 c4 49. bxc4 bxa4 50. c7 Kd7 51. g6 Kxc7 52. g7 a3 53. g8=Q a2 54.
Qg7+ Kd6 55. Qf6+ 1-0

[Event "28th Czech Open A 2017"]
[Site "Pardubice CZE"]
[Date "2017.07.25"]
[Round "5.74"]
[White "Kraus, Tomas"]
[Black "Dowgird, Filip"]
[Result "1-0"]
[WhiteTitle "IM"]
[WhiteElo "2422"]
[BlackElo "2242"]
[WhiteFideId "331708"]
[BlackFideId "1121235"]
[EventDate "2017.07.21"]

1. c4 e5 2. g3 Nf6 3. Bg2 h6 4. Nc3 Bb4 5. e4 Bxc3 6. dxc3 d6 7. Ne2 Be6 8. b3
Qd7 9. h3 a5 10. a4 Na6 11. Be3 Qc6 12. Qc2 h5 13. O-O h4 14. g4 Nh7 15. f4 g5
16. fxg5 O-O-O 17. Rf5 Rdg8 18. Kh2 Qd7 19. Rd1 Qe7 20. Qd2 Nc5 21. b4 Na6 22.
c5 dxc5 23. b5 Nb8 24. Rxe5 Rd8 25. Qe1 Rxd1 26. Qxd1 Nd7 27. Bxc5 Nxc5 28. Qd4
Nb3 29. Rxe6 Nxd4 30. Rxe7 Nxe2 31. b6 cxb6 32. Rxf7 Nxg5 33. Rf2 Ng3 34. Rf6
N5xe4 35. Rxb6 1-0